Skład reprezentacji Polski vs Mołdawia 2023 - Statystyki

Ogólne statystyki
  • Ten quiz został rozwiązany 488 razy
  • Średni wynik to 9 z 11
Statystyki odpowiedzi
Numer Pozycja Zawodnik % Poprawnych
9 Napastnik Robert Lewandowski
100%
1 Bramkarz Wojciech Szczęsny
99%
7 Napastnik Arkadiusz Milik
95%
5 Środkowy obrońca Jan Bednarek
92%
20 Ofensywny pomocnik Piotr Zieliński
92%
21 Lewy pomocnik Nicola Zalewski
87%
14 Środkowy obrońca Jakub Kiwior
82%
17 Środkowy pomocnik Damian Szymański
77%
10 Środkowy pomocnik Sebastian Szymański
77%
19 Prawy pomocnik Przemysław Frankowski
71%
4 Środkowy obrońca Tomasz Kędziora
34%
Nie znaleziono quizów pasujących do podanych kryteriów
Rozkład punktacji
Procent ludzi z każdym wynikiem
Percentyl według liczby udzielonych odpowiedzi
Twoja historia wyników
Nie rozwiązałeś tego quizu